Convicting the innocent: where criminal prosecutions go wrong

Tallennettuna:
Bibliografiset tiedot
Päätekijä: Garrett, Brandon L (Tekijä)
Aineistotyyppi: Kirja
Kieli:englanti
Julkaistu: Cambridge Harvard University Press 2011
Aiheet:
Tagit: Lisää tagi
Ei tageja, Lisää ensimmäinen tagi!

MARC

LEADER 00000cam a2200000 a 4500
001 UCC8261
003 CL-VaPUC
005 20210313002253.0
008 190617e20110000us |||||||||||||||||eng|d
999 |c 374621  |d 374619 
020 |a 9780674066113 
040 |c Pontificia Universidad Católica de Valparaíso 
082 0 4 |a 345.73064 GAR 2011  |2 21 
100 0 |a Garrett, Brandon L  |e author  |9 602921 
245 1 0 |a Convicting the innocent: where criminal prosecutions go wrong 
260 |a Cambridge  |b Harvard University Press  |c 2011 
300 |a 367 páginas  
583 |a last modification  |c 20190617 11:18:00  |k Rodrigo Vera 
650 0 |a Pruebas  |z ESTADOS UNIDOS  |9 256249 
650 7 |a DERECHO PENAL  |2 CL-VaPUC  |9 11 
650 7 |a EVIDENCIA CRIMINAL   |2 CL-VaPUC  |9 404298  |y ESTADOS UNIDOS 
852 |a BIBDER 
942 |c BK  |2 ddc 
945 |d 20190617 11:18:00  |a dcastane 
952 |0 0  |1 0  |3 erb  |4 0  |6 345_730640000000000_GAR_2011  |7 0  |8 A  |9 493243  |a BIBDER  |b BIBDER  |d 2019-07-06  |e 2  |g 25291.00  |i 5551587  |o 345.73064 GAR 2011  |p 5551587  |r 2023-01-25  |v 25291.00  |w 2019-11-24  |y BK  |z Catalogado en:20190617  |k DER